El régimen de humedad de la España peninsular en relación con la agricultura durante el periodo 1940-1943 / (Record no. 128561)

MARC details
000 -LEADER
campo de control de longitud fija 00753nam a2200193 i 4500
001 - NÚMERO DE CONTROL
campo de control 128561
003 - IDENTIFICADOR DE NÚMERO DE CONTROL
campo de control ES-MaACL
005 - FECHA Y HORA DE LA ÚLTIMA TRANSACCIÓN
campo de control 20260210163246.0
007 - CAMPO FIJO DE DESCRIPCIÓN FÍSICA--INFORMACIÓN GENERAL
campo de control de longitud fija t|
008 - DATOS DE LONGITUD FIJA--INFORMACIÓN GENERAL
campo de control de longitud fija 070518s1954 sp ||||1| spa d
100 1# - ENTRADA PRINCIPAL--NOMBRE DE PERSONA
Nombre de persona Tames Alarcón, Cayetano.
9 (RLIN) 109170
245 13 - MENCIÓN DEL TÍTULO
Título El régimen de humedad de la España peninsular en relación con la agricultura durante el periodo 1940-1943 /
Mención de responsabilidad, etc. C. Tames.
260 ## - PUBLICACIÓN, DISTRIBUCIÓN, ETC.
Lugar de publicación, distribución, etc. Madrid :
Nombre del editor, distribuidor, etc. [s.n.],
Fecha de publicación, distribución, etc. 1954 (
Fabricante Tip. Artística)
300 ## - DESCRIPCIÓN FÍSICA
Extensión 7 p., 14 map. ;
Dimensiones 31 cm.
500 ## - NOTA GENERAL
Nota general Precede al tít.: Ministerio de Agricultura. Instituto de Investigaciones Agronómicas.
710 ## - ENTRADA AGREGADA--NOMBRE DE ENTIDAD CORPORATIVA
Nombre de entidad corporativa o nombre de jurisdicción como elemento de entrada Instituto Nacional de Investigaciones Agronómicas
Sede del congreso/Lugar de la reunión (España)
9 (RLIN) 219222
852 ## - LOCALIZACIÓN
Ubicación ES-MaACL
Número de control de estantería 1964-F-1
Sublocalización o colección R.36339
Holdings
Estatus retirado Estado de pérdida Estado de daño No para préstamo Colección Biblioteca de origen Biblioteca actual Ubicación en estantería Fecha de adquisición Fuente de adquisición Total de préstamos Signatura topográfica completa Código de barras Visto por última vez Precio de reemplazo Tipo de ítem Koha
        Colección de folletos Biblioteca del Ateneo de Madrid Biblioteca del Ateneo de Madrid Depósito folletos 17/01/2008     1964-F-1 1133892 23/02/2023 23/02/2023 Folleto